000 00684nam a2200217Ia 4500
001 4910
003 GE_BSU
008 181216s||||||||xx |||||||||||||| ||und||
040 _cGE_BSU
080 _a371.4(075.8)
100 _aБолдырев, Н.И.
245 _aМетодика воспитательной работы в школе.
245 _bУчеб. пособие для сеуд. педагог. ин-тов
250 _a2-е испр. доп.
260 _aМосква
260 _bПросвещение
260 _c1981.
300 _a220 с.20 см.
653 _aМетодика воспитательной работы в школе
942 _cBK
999 _c38672
_d38672